[Event "Marcio Eliseo de Freitas Cup"]
[Site "Rio de Janeiro"]
[Date "2015.12.15"]
[Round "1"]
[White "Violla Cunha, Mario"]
[Black "Botelho, Fabio Gabriel Cardo"]
[Result "1-0"]
[WhiteElo "2334"]
[BlackElo "2149"]
[PlyCount "31"]
[EventDate "2015.12.15"]
[EventType "swiss"]
[EventRounds "7"]
[EventCountry "BRA"]
[SourceTitle "EXT 2018"]
[Source "ChessBase"]
[SourceDate "2017.10.13"]
[SourceVersion "1"]
[SourceVersionDate "2017.10.13"]
[SourceQuality "1"]

1. c4 c5 2. Nc3 Nc6 3. g3 g6 4. Bg2 Bg7 5. Nf3 Nf6 6. 0-0 0-0 7. d4 d5 8. dxc5 dxc4 9. Qa4 Be6 10. Ng5 Qc7 11. Nxe6 fxe6 12. Qxc4 Qe5 13. Bf4 Qh5 14. Qxe6+ Kh8 15. Bxc6 bxc6 16. Qxc6 1-0

[Event "Rio de Janeiro Larsen Memorial"]
[Site "Rio de Janeiro"]
[Date "2015.10.15"]
[Round "4"]
[White "Violla Cunha, Mario"]
[Black "Botelho, Fabio Gabriel Cardo"]
[Result "1-0"]
[WhiteElo "2357"]
[BlackElo "2127"]
[PlyCount "25"]
[EventDate "2015.10.13"]
[EventType "swiss"]
[EventRounds "7"]
[EventCountry "BRA"]
[SourceTitle "EXT 2018"]
[Source "ChessBase"]
[SourceDate "2017.10.13"]
[SourceVersion "1"]
[SourceVersionDate "2017.10.13"]
[SourceQuality "1"]

1. g3 d5 2. Bg2 Bf5 3. d4 e6 4. Bf4 c5 5. e3 Nc6 6. Nf3 Nf6 7. 0-0 Qb6 8. dxc5 Qxb2 9. Nbd2 Qxc2 10. Qxc2 Bxc2 11. Ne5 Bxc5 12. Nxc6 bxc6 13. Rfc1 1-0

[Event "Rio de Janeiro Euwe Memorial 2nd"]
[Site "Rio de Janeiro"]
[Date "2015.08.17"]
[Round "4"]
[White "Botelho, Fabio Gabriel Cardo"]
[Black "Elci, Pereira Diniz"]
[Result "0-1"]
[WhiteElo "2149"]
[BlackElo "2291"]
[PlyCount "128"]
[EventDate "2015.08.15"]
[EventType "swiss"]
[EventRounds "7"]
[EventCountry "BRA"]
[SourceTitle "EXT 2016"]
[Source "ChessBase"]
[SourceDate "2015.10.08"]
[SourceVersion "1"]
[SourceVersionDate "2015.10.08"]
[SourceQuality "1"]

1. d4 Nf6 2. Nc3 d5 3. Bg5 Nbd7 4. e4 dxe4 5. f3 exf3 6. Nxf3 e6 7. Qd2 c6 8. Bd3 Be7 9. 0-0-0 h6 10. Bh4 0-0 11. h3 a5 12. g4 Nd5 13. Bxe7 Qxe7 14. Ne4 f5 15. gxf5 exf5 16. Nc3 Nxc3 17. Qxc3 Nb6 18. Rde1 Qb4 19. Qd2 Qxd2+ 20. Kxd2 Nd5 21. Rhg1 g5 22. h4 g4 23. Bc4 Kg7 24. Bxd5 cxd5 25. Re5 Kh8 26. Ne1 f4 27. Nd3 g3 28. Rxd5 Be6 29. Re5 Bxa2 30. b3 f3 31. Rxg3 f2 32. Nxf2 Rxf2+ 33. Kc1 Rc8 34. c4 Rh2 35. d5 a4 36. bxa4 Rxc4+ 37. Kd1 Rc8 38. d6 Rxh4 39. Re7 Rd4+ 40. Ke2 Rxd6 41. Rgg7 Bd5 42. Rh7+ Kg8 43. Rhg7+ Kf8 44. Ke3 Re6+ 45. Rxe6 Bxe6 46. Rxb7 Rc6 47. a5 Ra6 48. Rb5 Kg7 49. Kf4 Kg6 50. Re5 Bf7 51. Rb5 h5 52. Rg5+ Kh6 53. Re5 Rf6+ 54. Kg3 Rg6+ 55. Kh3 Be6+ 56. Kh2 Bc8 57. Rc5 Ba6 58. Kh3 Bd3 59. Rd5 Bf1+ 60. Kh2 Rg2+ 61. Kh1 Ra2 62. Kg1 Bh3 63. Rd6+ Kg5 64. a6 Bc8 0-1

[Event "Rio de Janeiro El Tronador 2nd"]
[Site "Rio de Janeiro"]
[Date "2015.07.15"]
[Round "6"]
[White "Cunha, Eduardo Arruda da G"]
[Black "Botelho, Fabio Gabriel Cardo"]
[Result "1-0"]
[WhiteElo "2406"]
[BlackElo "2211"]
[PlyCount "92"]
[EventDate "2015.07.13"]
[EventType "tourn"]
[EventRounds "9"]
[EventCountry "BRA"]
[SourceTitle "EXT 2016"]
[Source "ChessBase"]
[SourceDate "2015.10.08"]
[SourceVersion "1"]
[SourceVersionDate "2015.10.08"]
[SourceQuality "1"]

1. d4 Nf6 2. e3 b6 3. f4 Bb7 4. Nf3 e6 5. Bd3 c5 6. c3 d5 7. Ne5 Bd6 8. 0-0 0-0 9. Nd2 Nbd7 10. Qf3 g6 11. g4 Ne8 12. Qh3 Ng7 13. Ndf3 Be7 14. Bd2 c4 15. Bc2 a5 16. Kh1 a4 17. a3 Nxe5 18. Nxe5 Ne8 19. Rg1 Ng7 20. Qh6 f5 21. g5 Bd6 22. Rg3 Bxe5 23. fxe5 Qe7 24. Rag1 Ne8 25. Qh3 Ng7 26. Qf1 Ne8 27. Rh3 Rf7 28. Rh6 Ng7 29. Rg3 Ra7 30. Qg2 Bc6 31. Be1 b5 32. Rgh3 Ne8 33. R3h4 Ra8 34. Rh3 Ra7 35. Rg3 Rf8 36. h4 Ng7 37. Rh3 Rc7 38. Bd1 Rf7 39. h5 Nxh5 40. Bxh5 gxh5 41. g6 Rg7 42. Rxh7 Qe8 43. Rh6 Qe7 44. Bh4 Qe8 45. Kh2 Rb7 46. Bf6 Rgd7 1-0

[Event "Rio de Janeiro El Tronador 2nd"]
[Site "Rio de Janeiro"]
[Date "2015.07.14"]
[Round "3"]
[White "Botelho, Fabio Gabriel Cardo"]
[Black "Braga, Ubirani de Souza"]
[Result "1/2-1/2"]
[WhiteElo "2211"]
[BlackElo "2201"]
[PlyCount "20"]
[EventDate "2015.07.13"]
[EventType "tourn"]
[EventRounds "9"]
[EventCountry "BRA"]
[SourceTitle "EXT 2016"]
[Source "ChessBase"]
[SourceDate "2015.10.08"]
[SourceVersion "1"]
[SourceVersionDate "2015.10.08"]
[SourceQuality "1"]

1. c4 c5 2. Nc3 Nc6 3. Nf3 Nf6 4. d3 d6 5. g3 g6 6. Bg2 Bg7 7. 0-0 0-0 8. a3 a6 9. Bg5 Re8 10. Qc2 Qc7 1/2-1/2

[Event "Rio de Janeiro Vaz Memorial 1st"]
[Site "Rio de Janeiro"]
[Date "2014.12.12"]
[Round "4"]
[White "Botelho, Fabio Gabriel Cardo"]
[Black "Juer, Jayme Jacob E"]
[Result "1-0"]
[WhiteElo "2241"]
[BlackElo "2128"]
[PlyCount "111"]
[EventDate "2014.12.11"]
[EventType "swiss"]
[EventRounds "7"]
[EventCountry "BRA"]
[SourceTitle "EXT 2018"]
[Source "ChessBase"]
[SourceDate "2017.10.13"]
[SourceVersion "1"]
[SourceVersionDate "2017.10.13"]
[SourceQuality "1"]

1. c4 f5 2. Nc3 e5 3. d4 e4 4. Nh3 Nf6 5. Bg5 h6 6. Bxf6 Qxf6 7. e3 Bb4 8. Qc2 g5 9. Be2 0-0 10. 0-0 c6 11. a3 Bxc3 12. Qxc3 d5 13. cxd5 cxd5 14. Rac1 Be6 15. f3 exf3 16. Bxf3 Nc6 17. Nf2 g4 18. Bd1 Rac8 19. Qd2 h5 20. Nd3 b6 21. Nf4 Bf7 22. b4 Ne7 23. Bb3 Kh7 24. Rxc8 Rxc8 25. Rc1 Rxc1+ 26. Qxc1 h4 27. Qc7 g3 28. hxg3 hxg3 29. Nh3 Kh6 30. Qxg3 Ng6 31. Ba4 Qd8 32. Bc2 Be6 33. Bd3 a5 34. bxa5 bxa5 35. Kf2 Qf6 36. Nf4 Nxf4 37. Qxf4+ Kg7 38. Qc7+ Kg6 39. Qxa5 Qh4+ 40. Kg1 Bd7 41. Bc2 Qg3 42. Qd2 Bb5 43. a4 Bc4 44. a5 Kg5 45. Qf2 Qg4 46. Qf3 f4 47. exf4+ Qxf4 48. Qxf4+ Kxf4 49. Kf2 Ba6 50. g3+ Kg4 51. Bd1+ Kg5 52. Be2 Bb7 53. a6 Ba8 54. Bb5 Kg4 55. Bd7+ Kg5 56. Bc8 1-0